Every Ballon d'Or Winner - Statistics

General Stats
  • This quiz has been taken 23 times
  • The average score is 38 of 69
Answer Stats
Year Answer % Correct
2008 Cristiano Ronaldo
100%
2013 Cristiano Ronaldo
100%
2014 Cristiano Ronaldo
100%
2016 Cristiano Ronaldo
100%
2017 Cristiano Ronaldo
100%
2009 Lionel Messi
100%
2010 Lionel Messi
100%
2011 Lionel Messi
100%
2012 Lionel Messi
100%
2015 Lionel Messi
100%
2019 Lionel Messi
100%
2021 Lionel Messi
100%
2023 Lionel Messi
100%
1997 Ronaldo
100%
2002 Ronaldo
100%
2022 Karim Benzema
86%
2018 Luka Modric
86%
1998 Zinedine Zidane
86%
2024 Rodri
81%
2005 Ronaldinho
81%
2020 Not Awarded | Robert Lewandowski
76%
2007 Kaká
71%
2001 Michael Owen
62%
2003 Pavel Nedvěd
62%
2004 Andriy Shevchenko
57%
2006 Fabio Cannavaro
57%
1971 Johan Cruyff
57%
1973 Johan Cruyff
57%
1974 Johan Cruyff
57%
1963 Lev Yashin
57%
1972 Franz Beckenbauer
52%
1976 Franz Beckenbauer
52%
1970 Gerd Müller
52%
2000 Luís Figo
52%
1957 Alfredo Di Stéfano
48%
1959 Alfredo Di Stéfano
48%
1990 Lothar Matthäus
48%
1988 Marco van Basten
48%
1989 Marco van Basten
48%
1992 Marco van Basten
48%
1999 Rivaldo
48%
1968 George Best
43%
1994 Hristo Stoichkov
43%
1983 Michel Platini
43%
1984 Michel Platini
43%
1985 Michel Platini
43%
1966 Bobby Charlton
38%
1995 George Weah
38%
1965 Eusébio
33%
1980 Karl-Heinz Rummenigge
33%
1981 Karl-Heinz Rummenigge
33%
1956 Stanley Matthews
33%
1960 Luis Suárez
29%
1993 Roberto Baggio
29%
1978 Kevin Keegan
24%
1979 Kevin Keegan
24%
1996 Matthias Sammer
24%
1964 Denis Law
19%
1991 Jean-Pierre Papin
19%
1982 Paolo Rossi
19%
1958 Raymond Kopa
19%
1987 Ruud Gullit
19%
1967 Flórián Albert
14%
1977 Allan Simonsen
10%
1969 Gianni Rivera
10%
1986 Igor Belanov
10%
1962 Josef Masopust
10%
1975 Oleg Blokhin
10%
1961 Omar Sívori
5%
No matching quizzes found
Score Distribution
Percent of People with Each Score
Percentile by Number Answered
Your Score History
You have not taken this quiz